| 000 | 00449nam a22000977a 4500 | ||
|---|---|---|---|
| 008 | 160606b xxu||||| |||| 00| 0 eng d | ||
| 100 | _aEttre, Leslie | ||
| 245 | _aIssues of Western Hungary (Lajtabansag) in 1921 | ||
| 260 |
_aFairfield, CT _bSociety for Hungarian Philately _c1971 |
||
| 650 | _aWestern Hungary | Lajtabansag | Austria | Burgenland | Hungary | 1921 | Cinderella Material | Overprints and Surcharges | Catalogs and Price Lists | Bibliographies | ||
| 999 |
_c2050 _d2050 |
||